Loading...
| Literature - British | 0 | 10 | 0 | 0 | 100 | 15 | 91.90 | 0 | 5 | 0.00 | 0.00 |
| Literature - World | 0 | 8 | 1 | 0 | 75 | 33 | 88.88 | 0 | 2 | 0.00 | 0.00 |
| Fine Arts - Painting and Sculpture | 0 | 8 | 1 | 1 | 75 | 55 | 85.75 | 0 | 6 | 0.00 | 0.00 |
| Literature - American | 0 | 7 | 1 | 0 | 65 | 76 | 106.00 | 0 | 2 | 0.00 | 0.00 |
| Literature - European | 0 | 7 | 2 | 0 | 60 | 71 | 104.57 | 1 | 1 | 0.00 | 0.00 |
| Mythology | 0 | 6 | 0 | 0 | 60 | 69 | 95.17 | 0 | 1 | 0.00 | 0.00 |
| Science - Physics | 0 | 6 | 1 | 0 | 55 | 46 | 89.83 | 0 | 2 | 0.00 | 0.00 |
| Science - Other | 0 | 6 | 2 | 1 | 50 | 41 | 85.00 | 1 | 3 | 0.00 | 0.00 |
| Fine Arts - Classical Music | 0 | 5 | 1 | 0 | 45 | 71 | 94.80 | 0 | 3 | 0.00 | 0.00 |
| Fine Arts - Other | 0 | 5 | 1 | 2 | 45 | 73 | 100.40 | 1 | 3 | 0.00 | 0.00 |
| Philosophy | 0 | 5 | 1 | 0 | 45 | 72 | 80.60 | 1 | 3 | 0.00 | 0.00 |
| Religion | 0 | 4 | 2 | 0 | 30 | 75 | 95.25 | 0 | 2 | 0.00 | 0.00 |
| History - European | 0 | 3 | 1 | 0 | 25 | 70 | 110.00 | 0 | 1 | 0.00 | 0.00 |
| Science - Chemistry | 0 | 3 | 1 | 0 | 25 | 72 | 83.00 | 0 | 1 | 0.00 | 0.00 |
| History - Other | 0 | 3 | 2 | 1 | 20 | 85 | 111.67 | 0 | 0 | 0.00 | 0.00 |
| Social Science | 0 | 2 | 0 | 0 | 20 | 35 | 54.50 | 1 | 1 | 0.00 | 0.00 |
| Science - Biology | 0 | 2 | 0 | 0 | 20 | 85 | 88.00 | 0 | 0 | 0.00 | 0.00 |
| Other Academic | 0 | 1 | 0 | 0 | 10 | 59 | 59.00 | 0 | 1 | 0.00 | 0.00 |
| History - American | 0 | 2 | 2 | 0 | 10 | 76 | 81.00 | 1 | 1 | 0.00 | 0.00 |
| Geography | 0 | 1 | 0 | 0 | 10 | 94 | 94.00 | 0 | 0 | 0.00 | 0.00 |
| History - World | 0 | 1 | 1 | 0 | 5 | 111 | 111.00 | 0 | 0 | 0.00 | 0.00 |
| Popular Culture | 0 | 0 | 1 | 0 | -5 | 0.00 | 0 | 0 | 0.00 | 0.00 |